000
00361nam a22001577a 4500
003
MPLRDC
005
20220104125128.0
008
210129b ||||| |||| 00| 0 eng d
082
_a
857.9 QMH-21 v.3
100
_a
秋梦痕著
245
_a
海角琼楼. 三
_c
260
_a
_b
学文书店
_c
300
_b
平
650
_a
942
_c
BK
_o
857.9 QMH-21 v.3
999
_c
24894
_d
24884